US States - Most Misspelled Words - Statistics

General Stats
  • This quiz has been taken 15 times
    8 since last reset
  • The average score is 11 of 50
Answers on the Map
Answers color-coded by a green-red scale on the quiz's map according to % correct below.
 
Answer Stats
Misspelled Word % Correct
Beautiful
50%
Beautiful
50%
Beautiful
50%
Beautiful
50%
Beautiful
50%
Beautiful
50%
Beautiful
50%
Beautiful
50%
Beautiful
50%
Beautiful
50%
Beautiful
50%
Supercalifragilisticexpialidocious
50%
Supercalifragilisticexpialidocious
50%
Supercalifragilisticexpialidocious
50%
Supercalifragilisticexpialidocious
50%
Supercalifragilisticexpialidocious
50%
Supercalifragilisticexpialidocious
50%
Definitely
33%
Gray
33%
Businesses
17%
Canceled
17%
Cancelled | Canceled
17%
Connecticut
17%
Cousin
17%
Favorite
17%
Fiance
17%
Grateful
17%
Resume
17%
Resume
17%
Resume
17%
Tomorrow
17%
Vacuum
17%
Apparel
0%
Beginning
0%
Chaos
0%
Consequences
0%
Division
0%
Dying
0%
Hors D'Oeuvre
0%
Nocturnal
0%
Permanently
0%
Probably
0%
Schedule
0%
Schedule
0%
Sincerely
0%
Sincerely
0%
Solution
0%
Subtle
0%
Veteran
0%
Yacht
0%
No matching quizzes found
Score Distribution
Percent of People with Each Score
Percentile by Number Answered
Your Score History
You have not taken this quiz since the last reset